Statistics on mortgage and landlord possession actions in the county courts (Record no. 82326)

MARC details
000 -LEADER
fixed length control field 00844cad a22002055a 4500
001 - CONTROL NUMBER
control field L149918
008 - FIXED-LENGTH DATA ELEMENTS--GENERAL INFORMATION
fixed length control field 100517e20100211xxk 000 0 eng d
035 ## - SYSTEM CONTROL NUMBER
System control number (Sirsi) u149918
041 0# - LANGUAGE CODE
Language code of text/sound track or separate title eng
110 2# - MAIN ENTRY--CORPORATE NAME
Corporate name or jurisdiction name as entry element United Kingdom
Subordinate unit Ministry of Justice
9 (RLIN) 5477
245 00 - TITLE STATEMENT
Title Statistics on mortgage and landlord possession actions in the county courts
Remainder of title Fourth quarter 2009
Medium [electronic resource]
260 ## - PUBLICATION, DISTRIBUTION, ETC.
Date of publication, distribution, etc. 2010
490 ## - SERIES STATEMENT
Series statement Ministry of Justice Statistical Bulletin
Volume/sequential designation First quarter 2010
520 ## - SUMMARY, ETC.
Summary, etc. Mortgage and landlord possession actions in the county courts for fourth quarter 2009. Statistics.
590 ## - LOCAL NOTE (RLIN)
Local note KA
650 24 - SUBJECT ADDED ENTRY--TOPICAL TERM
Topical term or geographic name entry element UNITED KINGDOM MINISTRY OF JUSTICE
690 ## - LOCAL SUBJECT ADDED ENTRY--TOPICAL TERM (OCLC, RLIN)
Topical term or geographic name as entry element Residential property
9 (RLIN) 6266
856 48 - ELECTRONIC LOCATION AND ACCESS
Uniform Resource Identifier <a href="https://www.justice.gov.uk/stats-mortgage-land-q4-09.pdf">https://www.justice.gov.uk/stats-mortgage-land-q4-09.pdf</a>
Public note View this item free of charge at www.justice.gov.uk
942 ## - ADDED ENTRY ELEMENTS (KOHA)
Suppress in OPAC 0
Holdings
Withdrawn status Lost status Source of classification or shelving scheme Damaged status Not for loan Home library Current library Shelving location Date acquired Total Checkouts Full call number Barcode Date last seen Copy number Price effective from Koha item type
    Dewey Decimal Classification     Virtual Virtual Online 17/05/2010   ONLINE PUBLICATION 149918-2001 06/08/2019 1 06/08/2019 Journal article